Statistics for NBA 2K20 Top 21-90 Best Players

Click here to take the quiz!

General Stats

  • This quiz has been taken 39 times
  • The average score is 22 of 70

Answer Stats

Rating Player % Correct
87Ben Simmons
73%
85Chris Paul
50%
86Draymond Green
47%
81Zion Williamson
47%
84Louis Williams
47%
85Zach LaVine
47%
85Kyle Lowry
47%
80Derrick Rose
47%
87DeMar DeRozan
47%
82Jaren Jackson
43%
80Reggie Jackson
43%
86Andre Drummond
43%
85Trae Young
43%
87Bradley Beal
40%
86John Wall
40%
82Marc Gasol
40%
86DeMarcus Cousins
40%
84Jamal Murray
40%
81Aaron Gordon
40%
85Khris Middleton
40%
87Pascal Siakam
37%
84Kyle Kuzma
37%
87LaMarcus Aldridge
37%
85Al Horford
37%
86Devin Booker
37%
87Luka Doncic
37%
86Nikola Vucevic
37%
87Victor Oladipo
37%
87Mike Conley
37%
87Kristaps Porzingis
33%
87D'Angelo Russell
33%
87CJ McCollum
33%
85Eric Bledsoe
33%
85Clint Capela
33%
83Kevin Love
33%
85Tobias Harris
33%
81Brandon Ingram
30%
81DeAndre Jordan
30%
82Steven Adams
30%
82Deandre Ayton
30%
83Jusuf Nurkic
30%
83Julius Randle
30%
83Montrezl Harrell
30%
85Jayson Tatum
30%
84John Collins
30%
81Jonas Valanciunas
27%
83Lauri Markkanen
27%
86De'Aaron Fox
27%
82Myles Turner
27%
80Gordon Hayward
27%
82Spencer Dinwiddie
23%
80Josh Richardson
23%
81Hassan Whiteside
23%
82Paul Millsap
23%
86Jrue Holiday
23%
80Otto Porter
23%
80JJ Redick
23%
83Bojan Bogdanovic
23%
80Derrick Favors
20%
84Buddy Hield
20%
83Malcolm Brogdon
20%
81Serge Ibaka
20%
83Danilo Gallinari
20%
81Domantas Sabonis
17%
80Robert Covington
17%
83Marvin Bagley
13%
80Enes Kanter
10%
80TJ Warren
7%
82Marcus Smart
7%
81Rudy Gay
0%

Score Distribution

Percentile by Number Answered

Percent of People with Each Score

Your Score History

You have not taken this quiz